[Event "SVK-chT2D 2122"]
[Site "Slovakia"]
[Date "2021.10.16"]
[Round "1.3"]
[White "Miko, Erich"]
[Black "Nemergut, Matej"]
[Result "0-1"]
[WhiteElo "1714"]
[BlackElo "2046"]
[PlyCount "58"]
[EventDate "2021.10.16"]
[EventType "team-tourn"]
[EventRounds "11"]
[EventCountry "SVK"]
[SourceTitle "EXT 2023"]
[Source "ChessBase"]
[SourceDate "2022.10.05"]
[SourceVersion "1"]
[SourceVersionDate "2022.10.05"]
[SourceQuality "1"]
[WhiteTeam "Moldava nad Bodvou"]
[BlackTeam "Kezmarok"]
[WhiteTeamCountry "SVK"]
[BlackTeamCountry "SVK"]

1. Nf3 f5 2. d4 Nf6 3. Nc3 g6 4. g3 Bg7 5. Bg2 0-0 6. 0-0 d6 7. Re1 c6 8. Qd3 Na6 9. a3 Nc7 10. Bg5 h6 11. Bxf6 Bxf6 12. e4 fxe4 13. Nxe4 Kg7 14. Nxf6 exf6 15. Nh4 f5 16. Re3 Qf6 17. Rae1 Be6 18. f4 Rae8 19. c4 Bf7 20. b3 Rxe3 21. Rxe3 Ne6 22. Nf3 g5 23. fxg5 hxg5 24. a4 Bg6 25. Qd2 f4 26. Re1 g4 27. d5 Nc5 28. Nd4 f3 29. Bf1 f2+ 0-1

[Event "SVK-ch Amateurs"]
[Site "Stara Lubovna"]
[Date "2015.05.07"]
[Round "1"]
[White "Mrva, Vladimir"]
[Black "Miko, Erich"]
[Result "1-0"]
[WhiteElo "2114"]
[BlackElo "1774"]
[PlyCount "41"]
[EventDate "2015.05.07"]
[EventType "swiss"]
[EventRounds "7"]
[EventCountry "SVK"]
[SourceTitle "EXT 2017"]
[Source "ChessBase"]
[SourceDate "2016.10.25"]
[SourceVersion "1"]
[SourceVersionDate "2016.10.25"]
[SourceQuality "1"]

1. e4 e5 2. Nf3 Nc6 3. Nc3 Bc5 4. Nxe5 Nxe5 5. d4 Bd6 6. dxe5 Bxe5 7. Bc4 Nf6 8. 0-0 c6 9. Bg5 h6 10. Bh4 Qb6 11. Bb3 d6 12. Bxf6 Bxf6 13. Qxd6 Bg4 14. Qg3 h5 15. h3 Be6 16. Bxe6 fxe6 17. e5 h4 18. Qg6+ Ke7 19. exf6+ gxf6 20. Qg7+ Kd6 21. Rad1+ 1-0

[Event "SVK-chT2D 14/15"]
[Site "Slovakia"]
[Date "2014.10.12"]
[Round "2.3"]
[White "Miko, Erich"]
[Black "Panko, Radoslav"]
[Result "0-1"]
[WhiteElo "1810"]
[BlackElo "1830"]
[PlyCount "58"]
[EventDate "2014.10.11"]
[EventType "team-tourn"]
[EventRounds "11"]
[EventCountry "SVK"]
[SourceTitle "EXT 2019"]
[Source "ChessBase"]
[SourceDate "2018.10.10"]
[SourceVersion "1"]
[SourceVersionDate "2018.10.10"]
[SourceQuality "1"]
[WhiteTeam "Moldava nad Bodvou"]
[BlackTeam "Bardejov BSK"]
[WhiteTeamCountry "SVK"]
[BlackTeamCountry "SVK"]

1. d4 e6 2. e4 d5 3. e5 c5 4. Nf3 Bd7 5. Be2 Nc6 6. c3 Nh6 7. Bxh6 gxh6 8. 0-0 Bg7 9. Na3 0-0 10. Nc2 cxd4 11. cxd4 f6 12. exf6 Qxf6 13. Qd3 Be8 14. Rac1 Bg6 15. Qe3 Rae8 16. Bd3 Bh5 17. Ne5 Nxe5 18. dxe5 Qxe5 19. Qxa7 Qd6 20. Nd4 Qf4 21. Nc2 Re7 22. b3 Qg5 23. Kh1 e5 24. Qe3 e4 25. Bb5 Ref7 26. Nd4 Bxd4 27. Qxd4 Rxf2 28. Rxf2 Qxc1+ 29. Bf1 Qxf1+ 0-1

[Event "Puspokladany Arnoth Memorial 07th"]
[Site "Puspokladany"]
[Date "2014.07.16"]
[Round "1"]
[White "Miko, Erich"]
[Black "Juhasz, Bela"]
[Result "1/2-1/2"]
[WhiteElo "1795"]
[BlackElo "2102"]
[PlyCount "39"]
[EventDate "2014.07.16"]
[EventType "swiss"]
[EventRounds "9"]
[EventCountry "HUN"]
[SourceTitle "EXT 2016"]
[Source "ChessBase"]
[SourceDate "2015.10.08"]
[SourceVersion "1"]
[SourceVersionDate "2015.10.08"]
[SourceQuality "1"]

1. d4 Nf6 2. c4 g6 3. Nc3 c5 4. Nf3 Bg7 5. e3 0-0 6. Be2 cxd4 7. exd4 d5 8. b3 Nc6 9. 0-0 dxc4 10. bxc4 Bf5 11. Be3 Rc8 12. Rc1 Ng4 13. Bf4 Qa5 14. h3 Nf6 15. Qb3 Ne4 16. Nxe4 Bxe4 17. d5 Bxf3 18. Bxf3 Nd4 19. Qxb7 Nxf3+ 20. gxf3 1/2-1/2